World of Warcraft Races 'UP TO DATE' - Statistics

General Stats
  • This quiz has been taken 265 times
  • The average score is 12 of 13
Answer Stats
Hint Answer % Correct
Blood Elf
98%
Human
98%
Orc
98%
Tauren
97%
Undead
97%
Dwarf
96%
Night Elf
96%
Gnome
95%
Troll
95%
Goblin
94%
Worgen
93%
Pandaren
89%
Draenei
83%
No matching quizzes found
Score Distribution
Percent of People with Each Score
Percentile by Number Answered
Your Score History
You have not taken this quiz